Countries Most Similar to Afghanistan - Statistics

General Stats
  • This quiz has been taken 24 times
  • The average score is 13 of 20
Answer Stats
Score Answer % Correct
67.9 Pakistan
100%
69.9 Iran
95%
60.8 Turkmenistan
95%
62.1 Uzbekistan
95%
64 Iraq
90%
71.8 Tajikistan
85%
59.9 Kyrgyzstan
80%
61.5 Syria
75%
61.8 Egypt
65%
60.4 Libya
60%
63 Sudan
60%
66.6 Yemen
60%
61.1 Algeria
55%
60.5 Jordan
55%
60.2 Morocco
55%
62.5 Somalia
55%
59.8 Chad
40%
64 Mauritania
40%
58.5 Djibouti
35%
60.5 Palestine
20%
No matching quizzes found
Score Distribution
Percent of People with Each Score
Percentile by Number Answered
Your Score History
You have not taken this quiz